000 00506nam a22001817a 4500
999 _c5805
_d5805
003 AR-CdUCM
008 190313b ||||| |||| 00| 0 spa d
040 _aMUNICIPALIDAD PROVINCIAL DEL CUSCO
_cBIBLIOTECA MUNICIPAL DEL CUSCO
082 _a869.96 /
_bG91
100 _aGuillen, Nicolas
_98092
245 _aCuba :
_bamor y revolución /
260 _aLima :
_bCausachun,
_c1972.
300 _a103 pƔginas ;
_c17 cm.
505 _aPoemas.
650 _aPoemas.
_9929
942 _2ddc
_cLIBROS
945 _awfj